Chasing Cars - Snow Patrol - All Lyrics - Statistics

General Stats
  • This quiz has been taken 621 times
  • The average score is 169 of 204
Answer Stats
Answer % Correct
a
98%
I
98%
you
97%
If
96%
just
96%
Just
96%
the
96%
We
96%
we
96%
and
95%
for
95%
here
95%
lay
95%
me
95%
with
94%
Would
94%
do
93%
forget
93%
Forget
93%
world?
93%
lie
92%
to
92%
all,
90%
All
90%
all
90%
it
88%
ever
86%
get
86%
too
86%
what
85%
where
85%
don't
84%
We'll
83%
well
83%
we're
83%
old
82%
know
81%
before
80%
on
80%
our
80%
told
80%
in
79%
that
79%
cars
78%
chasin'
78%
how
78%
how,
78%
need
78%
or
78%
own
78%
anything
77%
anyone
76%
everything,
76%
was
75%
your
74%
feel
72%
say
71%
life
68%
not
68%
am
67%
can
67%
into
67%
see
66%
much
65%
Show
65%
that's
65%
time
65%
words
65%
are
64%
burstin'
64%
Let's
64%
said
64%
Those
63%
three
63%
garden
62%
enough
61%
waste
59%
Is
58%
They’re
58%
they're
58%
quite
57%
will
57%
my
56%
around
55%
at
55%
eyes,
55%
perfect
53%
as
52%
heads
52%
us
52%
about
50%
Confused
49%
never
49%
these
46%
grace
45%
change
44%
things
44%
find
42%
remind
33%
No matching quizzes found
Score Distribution
Percent of People with Each Score
Percentile by Number Answered
Your Score History
You have not taken this quiz